| 000 | 00623nam a2200205Ia 4500 | ||
|---|---|---|---|
| 003 | OSt | ||
| 005 | 20250704153250.0 | ||
| 008 | 210210b1995 xxu||||| |||| 00| 0 eng d | ||
| 040 | _cAL | ||
| 041 | _aKannada | ||
| 082 | _aK494.3 KANK | ||
| 100 |
_aKANNADA SAHITYA PARISHATTU. _d ಕನ್ನಡ ಸಾಹಿತ್ಯ ಪರಿಷತ್ತು _9217315 |
||
| 245 |
_aKannada nighantu. 8V. V8. _bಕನ್ನಡ ನಿಘಂಟು |
||
| 260 |
_aBengaluru _bNavakarnataka Pablikeshans _c1995 |
||
| 300 | _axxxviii,9021 | ||
| 440 |
_a8 _9217316 |
||
| 690 |
_aKannada Dictionary _9217317 |
||
| 906 | _a050981 | ||
| 942 |
_2ddc _cBK |
||
| 999 |
_c99741 _d99741 |
||